000
002760000a22000970004500
100
1
_a
Hahn, Eberhard (1953- )
245
1
0
_a
Ethical questions as confessional questions?
300
_a
Vol. 12, Núm 1 (2003), Páginas 21-26
773
0
_t
European Journal of Theology
942
_c
ANA
999
_c
53942
_d
53942